| 000 | 00524nam a2200181Ia 4500 | ||
|---|---|---|---|
| 003 | GCL | ||
| 008 | 140319s9999 xx 000 0 eng d | ||
| 040 |
_aGCL / _cGCL |
||
| 082 | 0 | 4 |
_a359.960944 _bQ V |
| 100 | 1 | _aQUEREL, PHILIPPE | |
| 245 | 1 | 0 |
_aVERS UNE MARINE ATOMIQUE LA MAINE FRANCIASE ( 1945 - 1958 ) / _cQUEREL, PHILIPPE |
| 260 |
_a[S.N] : _bBRUYLANT ، _c1997 |
||
| 300 | _a454 P | ||
| 650 | 0 | 4 | _aMILITARY SCIENCE |
| 650 | 0 | 4 | _aMARINE FORCES -HISTORY- FRANCE |
| 650 | 0 | 4 | _aMARINE FORCES - FRANCE |
| 942 |
_2ddc _cBK |
||
| 999 |
_c16463 _d16463 |
||